[Event "4NCL Division 3s"]
[Site "Daventry Court ENG"]
[Date "2014.01.12"]
[Round "4.116"]
[White "Byron, Alan M"]
[Black "Mercs, Peter J"]
[Result "1-0"]
[WhiteElo "2147"]
[BlackElo "2075"]
[PlyCount "75"]
[EventDate "2014.01.12"]
[WhiteTeam "e2e4.org.uk 2"]
[BlackTeam "Ashfield-Breadsall"]

1. e4 c5 2. Nf3 d6 3. d4 cxd4 4. Nxd4 Nf6 5. Nc3 Nc6 6. Bc4 Qb6 7. Nb3 e6 8.
O-O a6 9. Be3 Qc7 10. f4 Be7 11. Qf3 O-O 12. Bd3 Re8 13. Rae1 Nb4 14. g4 Nxd3
15. cxd3 Nd7 16. Qh3 Qd8 17. Re2 b6 18. Nd4 Bb7 19. Rg2 Bf6 20. Nde2 d5 21.
exd5 Bxd5 22. Nxd5 exd5 23. Nd4 Nc5 24. g5 Bxd4 25. Bxd4 Ne6 26. Be5 Qe7 27. d4
Qb4 28. a3 Qf8 29. Rg4 Qe7 30. Qg3 g6 31. Qh3 Nf8 32. Qh6 f5 33. gxf6 Qf7 34.
h4 Re6 35. f5 Rxe5 36. dxe5 Re8 37. e6 Qxf6 38. fxg6 1-0

[Event "4NCL Division 3s"]
[Site "Daventry Court ENG"]
[Date "2014.01.12"]
[Round "4.117"]
[White "Burke, Steven J"]
[Black "Mansson, James C"]
[Result "0-1"]
[WhiteElo "2005"]
[BlackElo "2110"]
[PlyCount "144"]
[EventDate "2014.01.12"]
[WhiteTeam "Ashfield-Breadsall"]
[BlackTeam "e2e4.org.uk 2"]

1. d4 Nf6 2. c4 g6 3. f3 c5 4. d5 d6 5. e4 Bg7 6. Nc3 O-O 7. Be3 e6 8. Qd2 exd5
9. cxd5 a6 10. a4 Re8 11. Bd3 Nbd7 12. Nh3 Ne5 13. Nf2 Rb8 14. a5 Nh5 15. Be2
b5 16. axb6 Qxb6 17. Nfd1 Qd8 18. O-O Rb4 19. Ra4 a5 20. Rxb4 axb4 21. Nb1 Qb6
22. g4 Nf6 23. b3 Ba6 24. Nb2 Nexg4 25. Na4 Qa7 26. fxg4 Nxe4 27. Qc2 Bxe2 28.
Qxe2 Nc3 29. Nbxc3 bxc3 30. Rf3 Bd4 31. Kf2 Qe7 32. Nxc3 Bxc3 33. Qd3 Bg7 34.
Kg2 Qe4 35. Qxe4 Rxe4 36. Bf4 Be5 37. Bxe5 Rxe5 38. Rd3 Kg7 39. Kg3 h5 40. h3
hxg4 41. hxg4 Kf6 42. Kf4 g5+ 43. Kf3 Kg6 44. Rd1 f5 45. b4 fxg4+ 46. Kg3 cxb4
47. Rd4 Kf5 48. Rxb4 Rxd5 49. Rb3 Rc5 50. Rb8 Rc3+ 51. Kg2 g3 52. Rb5+ Kf6 53.
Rd5 Ke6 54. Rxg5 d5 55. Rg6+ Ke5 56. Rg5+ Kd4 57. Rg4+ Kc5 58. Rg8 d4 59. Rc8+
Kb4 60. Rb8+ Kc4 61. Rc8+ Kb3 62. Rd8 Rd3 63. Rc8 Re3 64. Rb8+ Kc3 65. Rc8+ Kd2
66. Ra8 d3 67. Kf1 Kd1 68. Ra1+ Kc2 69. Ra2+ Kb3 70. Rd2 Kc3 71. Rd1 d2 72. Ra1
Kb2 0-1

[Event "4NCL Division 3s"]
[Site "Daventry Court ENG"]
[Date "2014.01.12"]
[Round "4.119"]
[White "Jarvis, Derek A"]
[Black "Denton, John R"]
[Result "1-0"]
[WhiteElo "1889"]
[BlackElo "2040"]
[PlyCount "65"]
[EventDate "2014.01.12"]
[WhiteTeam "Ashfield-Breadsall"]
[BlackTeam "e2e4.org.uk 2"]

1. e4 c6 2. d4 d5 3. Nd2 dxe4 4. Nxe4 Nd7 5. Ng5 Ngf6 6. Bd3 e6 7. N1f3 Bd6 8.
Qe2 h6 9. Ne4 Nxe4 10. Qxe4 Nf6 11. Qe2 b6 12. O-O Qc7 13. Ne5 Bb7 14. f4 O-O-O
15. Ba6 Rhe8 16. a4 Re7 17. a5 Nd7 18. axb6 axb6 19. Rf3 Nb8 20. Bxb7+ Qxb7 21.
Bd2 c5 22. Bc3 Bxe5 23. fxe5 cxd4 24. Bb4 Red7 25. Rfa3 Nc6 26. Ra8+ Kc7 27.
Bd6+ Rxd6 28. exd6+ Kd7 29. Rxd8+ Kxd8 30. Qg4 g6 31. Qf4 h5 32. Qf6+ Ke8 33.
Ra8+ 1-0

[Event "4NCL Division 3s"]
[Site "Daventry Court ENG"]
[Date "2014.01.12"]
[Round "4.120"]
[White "Peat, Matthew"]
[Black "Graham, Neil"]
[Result "1-0"]
[WhiteElo "2072"]
[BlackElo "1856"]
[PlyCount "63"]
[EventDate "2014.01.12"]
[WhiteTeam "e2e4.org.uk 2"]
[BlackTeam "Ashfield-Breadsall"]

1. d4 Nf6 2. c4 e5 3. dxe5 Ne4 4. a3 b6 5. Nd2 Bb7 6. Qc2 Nc5 7. b4 Ne6 8. Bb2
Nc6 9. Ngf3 a5 10. b5 Ne7 11. e3 Nc5 12. Be2 Ng6 13. O-O Qe7 14. Nb3 Be4 15.
Qd1 Nxb3 16. Qxb3 Nh4 17. Nxh4 Qxh4 18. f4 O-O-O 19. Bf3 Bxf3 20. Rxf3 h6 21.
Bd4 Rg8 22. Rc1 d6 23. exd6 Bxd6 24. c5 Bxc5 25. Bxc5 bxc5 26. b6 Qe7 27. bxc7
Kxc7 28. Qb5 Rd5 29. Qxa5+ Kd7 30. Rb1 Ke6 31. e4 Rd6 32. e5 1-0

[Event "4NCL Division 3s"]
[Site "Daventry Court ENG"]
[Date "2014.01.12"]
[Round "4.125"]
[White "Richardson, Keith B"]
[Black "Healey, Michael W"]
[Result "1/2-1/2"]
[WhiteElo "2105"]
[BlackElo "2129"]
[PlyCount "140"]
[EventDate "2014.01.12"]
[WhiteTeam "BCM Rhinos (2)"]
[BlackTeam "Oxford 2"]

1. c4 Nf6 2. Nc3 e5 3. Nf3 d6 4. d4 Nbd7 5. e4 Be7 6. Be2 O-O 7. O-O h6 8. b3
Re8 9. Bb2 c6 10. Qc2 Qc7 11. Rac1 Nf8 12. Rfd1 Ng6 13. g3 Bh3 14. c5 Ng4 15.
cxd6 Qxd6 16. dxe5 Qc5 17. Bf1 Bxf1 18. Rxf1 N6xe5 19. Nxe5 Qxe5 20. h3 Nf6 21.
Kg2 Rad8 22. Rcd1 Qa5 23. Rxd8 Rxd8 24. Rd1 Re8 25. f4 Qc5 26. Qf2 Qh5 27. Qf3
Qa5 28. e5 Nd5 29. Nxd5 cxd5 30. a4 Rd8 31. f5 Qc5 32. Qc3 Qc6 33. Qxc6 bxc6
34. Kf3 Rb8 35. Rd3 c5 36. Bc1 c4 37. bxc4 dxc4 38. Rc3 Rc8 39. Ke4 Bb4 40. Rc2
Kf8 41. Be3 a6 42. f6 gxf6 43. Bxh6+ Ke7 44. exf6+ Kxf6 45. h4 Kg6 46. Bg5 f5+
47. Kd4 c3 48. Kd3 Kh5 49. Rf2 Rc5 50. Kc2 a5 51. Bf4 Rd5 52. Re2 Kg4 53. Rh2
Bd6 54. Kxc3 Bxf4 55. gxf4 Kxf4 56. h5 Kg3 57. Rh1 Rd7 58. h6 Rh7 59. Kc4 f4
60. Kb5 f3 61. Kxa5 f2 62. Kb5 Rxh6 63. Rf1 Kg2 64. Rxf2+ Kxf2 65. a5 Ke3 66.
a6 Kd4 67. a7 Rh8 68. Kb6 Kd5 69. Kb7 Rh7+ 70. Kb6 Rxa7 1/2-1/2

[Event "4NCL Division 3s"]
[Site "Daventry Court ENG"]
[Date "2014.01.12"]
[Round "4.126"]
[White "Dickinson, Tim R"]
[Black "Stille, Alexander M"]
[Result "1-0"]
[WhiteElo "2133"]
[BlackElo "2052"]
[PlyCount "43"]
[EventDate "2014.01.12"]
[WhiteTeam "Oxford 2"]
[BlackTeam "BCM Rhinos (2)"]

1. e4 d5 2. exd5 Qxd5 3. Nc3 Qa5 4. Bc4 Nf6 5. Nf3 Bf5 6. d4 e6 7. Bd2 c6 8.
Ne4 Qd8 9. Ng3 Bg4 10. c3 Bd6 11. h3 Bxg3 12. hxg4 Bd6 13. g5 Nd5 14. Qe2 g6
15. Rh4 Nd7 16. O-O-O Qc7 17. Rdh1 Nf8 18. Bxd5 cxd5 19. g3 O-O-O 20. Bf4 Bxf4+
21. Rxf4 Qe7 22. Ne5 1-0

[Event "4NCL Division 3s"]
[Site "Daventry Court ENG"]
[Date "2014.01.12"]
[Round "4.127"]
[White "Scrimgour, Alan"]
[Black "Ludbrook, Matthew"]
[Result "1/2-1/2"]
[WhiteElo "2033"]
[BlackElo "2002"]
[PlyCount "41"]
[EventDate "2014.01.12"]
[WhiteTeam "BCM Rhinos (2)"]
[BlackTeam "Oxford 2"]

1. e4 d6 2. d4 g6 3. Nc3 Bg7 4. Be3 Nd7 5. f4 c6 6. Qd2 a6 7. Nf3 b5 8. Be2 Nb6
9. b3 Nf6 10. Bd3 Bb7 11. O-O Rc8 12. h3 c5 13. dxc5 dxc5 14. Qf2 Qc7 15. e5
Nfd5 16. Nxd5 Nxd5 17. c4 Nxe3 18. Qxe3 b4 19. Be4 Bxe4 20. Qxe4 O-O 21. Rad1
1/2-1/2

[Event "4NCL Division 3s"]
[Site "Daventry Court ENG"]
[Date "2014.01.12"]
[Round "4.128"]
[White "Duggan, Christopher"]
[Black "Amato, Giampiero"]
[Result "0-1"]
[WhiteElo "2036"]
[BlackElo "2006"]
[PlyCount "58"]
[EventDate "2014.01.12"]
[WhiteTeam "Oxford 2"]
[BlackTeam "BCM Rhinos (2)"]

1. e4 e5 2. Nc3 Nf6 3. g3 d5 4. exd5 Nxd5 5. Bg2 Nxc3 6. bxc3 Be7 7. Ne2 Nc6 8.
O-O O-O 9. d4 exd4 10. cxd4 Bg4 11. c3 Qd7 12. Re1 Bf6 13. Qb3 Rab8 14. Nf4 Be7
15. Qa4 Bd6 16. Ba3 b5 17. Qb3 Na5 18. Qc2 Bxa3 19. Be4 g6 20. f3 Bf5 21. Nd5
Kg7 22. Ne3 Bxe4 23. fxe4 c6 24. Qe2 Rbe8 25. e5 f6 26. Ng4 fxe5 27. Nxe5 Qd5
28. Qg4 Bb2 29. Nd7 Bxa1 0-1

[Event "4NCL Division 3s"]
[Site "Daventry Court ENG"]
[Date "2014.01.12"]
[Round "4.129"]
[White "Foley, John P"]
[Black "Nandi, Robin J"]
[Result "1/2-1/2"]
[WhiteElo "2023"]
[BlackElo "1970"]
[PlyCount "159"]
[EventDate "2014.01.12"]
[WhiteTeam "BCM Rhinos (2)"]
[BlackTeam "Oxford 2"]

1. d4 Nf6 2. Nf3 d5 3. g3 e6 4. Bg2 Nbd7 5. O-O Bd6 6. c4 c6 7. Nc3 O-O 8. c5
Bc7 9. Bf4 e5 10. dxe5 Ng4 11. e4 dxe4 12. Nxe4 Ngxe5 13. Nxe5 Bxe5 14. Bxe5
Nxe5 15. Qh5 Qe7 16. h3 Nd3 17. Nd6 g6 18. Qf3 Nxc5 19. Rad1 Rd8 20. Nxf7 Rf8
21. Nh6+ Kg7 22. Qc3+ Kxh6 23. Rfe1 Ne6 24. h4 Qf6 25. Qe3+ Kg7 26. Bh3 Nc7 27.
Bxc8 Raxc8 28. Rd7+ Rf7 29. Rxf7+ Qxf7 30. h5 Re8 31. Qc3+ Kg8 32. h6 Rxe1+ 33.
Qxe1 Nd5 34. Qe5 Qe7 35. Qb8+ Kf7 36. Qxa7 g5 37. Qb8 Kg6 38. a3 Kxh6 39. b4
Kg7 40. Qa7 h6 41. Kf1 Kg6 42. Qd4 Qe6 43. a4 Qf6 44. Qd3+ Qf5 45. Qb3 Qe4 46.
b5 cxb5 47. axb5 b6 48. Kg1 Ne7 49. Qd1 Nf5 50. Qd8 Qb1+ 51. Kg2 Qxb5 52. Qg8+
Ng7 53. Qd8 Qc5 54. Qd3+ Kf6 55. Qd8+ Kg6 56. Qd3+ Qf5 57. Qd6+ Qf6 58. Qd3+
Kf7 59. Qd7+ Qe7 60. Qd5+ Qe6 61. Qb7+ Kg6 62. Qf3 Ne8 63. Qd3+ Kg7 64. Qc3+
Nf6 65. Kf1 b5 66. Qc7+ Kg6 67. Qc2+ Qe4 68. Qb2 Qc4+ 69. Kg1 b4 70. Qb1+ Qe4
71. Qb3 Qe1+ 72. Kg2 Qc3 73. Qb1+ Ne4 74. Qxe4+ Kg7 75. Qe7+ Kg6 76. Qe6+ Kg7
77. Qe7+ Kg8 78. Qe8+ Kh7 79. Qe7+ Kg6 80. Qe6+ 1/2-1/2

[Event "4NCL Division 3s"]
[Site "Daventry Court ENG"]
[Date "2014.01.12"]
[Round "4.130"]
[White "Neatherway, A Philip"]
[Black "Kane, Robert (Bob) B"]
[Result "1/2-1/2"]
[WhiteElo "1870"]
[BlackElo "1862"]
[PlyCount "86"]
[EventDate "2014.01.12"]
[WhiteTeam "Oxford 2"]
[BlackTeam "BCM Rhinos (2)"]

1. e4 c6 2. d4 d5 3. exd5 cxd5 4. Bd3 Nc6 5. c3 Qc7 6. Nf3 Bg4 7. h3 Bh5 8.
Nbd2 Nf6 9. O-O e6 10. Re1 Bd6 11. Nf1 Bg6 12. a3 Bxd3 13. Qxd3 h6 14. Be3 O-O
15. N1d2 b5 16. Qxb5 Rab8 17. Qa4 Rxb2 18. Rab1 Rfb8 19. Rxb2 Rxb2 20. c4 Qb7
21. Rc1 Ne7 22. c5 Bc7 23. c6 Qa8 24. Ne5 Nf5 25. Nd3 Rb6 26. Bf4 Qb8 27. Bxc7
Qxc7 28. Nf3 Ne4 29. Nfe5 Rb8 30. Nd7 Rc8 31. N7e5 Rb8 32. f3 Nd2 33. Qc2 Nb3
34. Rb1 Nfxd4 35. Qf2 Nxc6 36. Nxc6 Qxc6 37. Qxa7 Rc8 38. Rxb3 Qc2 39. Qb7 Qd1+
40. Kh2 Rc2 41. Ne5 Rxg2+ 42. Kxg2 Qe2+ 43. Kg1 Qe1+ 1/2-1/2

[Event "4NCL Division 3s"]
[Site "Daventry Court ENG"]
[Date "2014.01.12"]
[Round "4.135"]
[White "Shepley, Julien M"]
[Black "Lea, Daniel J"]
[Result "0-1"]
[WhiteElo "1994"]
[BlackElo "1929"]
[PlyCount "142"]
[EventDate "2014.01.12"]
[WhiteTeam "Guildford 4"]
[BlackTeam "3Cs 2"]

1. e4 e6 2. d4 d5 3. Nd2 Nf6 4. e5 Nfd7 5. Bd3 c5 6. c3 Nc6 7. Ne2 cxd4 8. cxd4
f6 9. exf6 Nxf6 10. Nf3 Bd6 11. Bf4 Qa5+ 12. Kf1 Bxf4 13. Nxf4 O-O 14. g3 Qb6
15. Kg2 Bd7 16. Re1 Rae8 17. Ne5 Nxd4 18. Bxh7+ Kxh7 19. Nfg6 Nc6 20. Nxd7 Nxd7
21. Nxf8+ Rxf8 22. Qc2+ Kg8 23. Rxe6 Nd4 24. Rxb6 Nxc2 25. Rxb7 Nxa1 26. Rxd7
Rb8 27. b3 Rb5 28. Rxa7 d4 29. Rc7 Ra5 30. Rc4 d3 31. Rd4 Nc2 32. Rd8+ Kf7 33.
Kf1 Nb4 34. Ke1 Rxa2 35. Kd1 Rb2 36. Rd4 Rxb3 37. Kd2 Ke6 38. f4 Nd5 39. Re4+
Kd6 40. Rd4 Ke6 41. Re4+ Kd6 42. Rd4 Kc5 43. Rxd3 Rb2+ 44. Ke1 Rxh2 45. Ra3 Kd4
46. Ra7 Ke3 47. Ra3+ Ke4 48. Ra7 Kf3 49. Kd1 Ne3+ 50. Kc1 Nf5 51. Ra3+ Kg4 52.
Ra5 Rg2 53. Kd1 Rxg3 54. Ke2 Kxf4 55. Ra4+ Kg5 56. Kf2 Rg4 57. Ra8 Rf4+ 58. Kg2
Kg4 59. Ra6 g5 60. Ra3 Nh4+ 61. Kh2 Rf2+ 62. Kg1 Rf3 63. Ra5 Rf5 64. Ra3 Ng6
65. Ra6 Nf4 66. Ra4 Kh4 67. Kh2 g4 68. Ra8 g3+ 69. Kh1 Kh3 70. Ra3 Re5 71. Ra1
g2+ 0-1

[Event "4NCL Division 3s"]
[Site "Daventry Court ENG"]
[Date "2014.01.12"]
[Round "4.136"]
[White "Abbas, Daniel"]
[Black "Smart, Michael R"]
[Result "1/2-1/2"]
[WhiteElo "1977"]
[BlackElo "2024"]
[PlyCount "110"]
[EventDate "2014.01.12"]
[WhiteTeam "3Cs 2"]
[BlackTeam "Guildford 4"]

1. e4 Nf6 2. e5 Nd5 3. d4 d6 4. c4 Nb6 5. exd6 cxd6 6. Nc3 g6 7. Be3 Bg7 8. Rc1
Nc6 9. b3 O-O 10. d5 Ne5 11. Be2 f5 12. f4 Nf7 13. Nf3 Re8 14. O-O Nd7 15. Nd4
Nc5 16. b4 Na6 17. a3 Nc7 18. Bf3 a6 19. Re1 Rb8 20. Qd2 Bd7 21. Bf2 Bh6 22.
Be3 Bg7 23. Nb3 b6 24. Qf2 Na8 25. Bd4 Bh6 26. g3 Rc8 27. c5 bxc5 28. bxc5 e5
29. dxe6 Bxe6 30. Nd5 Bxd5 31. Rxe8+ Qxe8 32. Bxd5 dxc5 33. Rxc5 Rxc5 34. Nxc5
Nc7 35. Bc4 Nb5 36. Bb2 Bf8 37. a4 Qc6 38. Bxf7+ Kxf7 39. Nd3 Qd5 40. axb5 Qxd3
41. bxa6 Qxa6 42. Bd4 Qc4 43. Qb2 Kg8 44. Qb6 Qf7 45. Qd8 Qe6 46. Kf2 Qa2+ 47.
Kf3 Qb3+ 48. Ke2 Qe6+ 49. Kd3 Qe4+ 50. Kd2 Qg2+ 51. Kc3 Qc6+ 52. Kb3 Qb5+ 53.
Kc2 Qe2+ 54. Kc3 Qf3+ 55. Kd2 Qg2+ 1/2-1/2

[Event "4NCL Division 3s"]
[Site "Daventry Court ENG"]
[Date "2014.01.12"]
[Round "4.137"]
[White "Singleton, Michael PF"]
[Black "Burke, Mitchell R"]
[Result "1-0"]
[WhiteElo "2125"]
[BlackElo "1989"]
[PlyCount "73"]
[EventDate "2014.01.12"]
[WhiteTeam "Guildford 4"]
[BlackTeam "3Cs 2"]

1. d4 Nf6 2. c4 c5 3. d5 b5 4. cxb5 a6 5. Nc3 axb5 6. Nxb5 d6 7. Nf3 g6 8. g3
Ba6 9. Nc3 Bg7 10. Bg2 Nbd7 11. O-O O-O 12. Re1 Qa5 13. Bd2 Bb7 14. e4 Qa7 15.
h3 Rfb8 16. Rb1 Ba6 17. Be3 Qc7 18. Qd2 Qa5 19. Bh6 Bxh6 20. Qxh6 Bd3 21. Rbd1
Bc2 22. Rc1 Bd3 23. Qd2 Ba6 24. e5 dxe5 25. Nxe5 Nxe5 26. Rxe5 Ra7 27. Rce1 Qc7
28. Kh2 Qd6 29. b3 c4 30. bxc4 Bxc4 31. Qf4 Qb4 32. Rxe7 Rxe7 33. Rxe7 Kg7 34.
Qe5 Rc8 35. Ne4 Qb6 36. d6 Qxf2 37. Nxf2 1-0

[Event "4NCL Division 3s"]
[Site "Daventry Court ENG"]
[Date "2014.01.12"]
[Round "4.138"]
[White "Manton, Jacob"]
[Black "Stimpson, Philip M"]
[Result "0-1"]
[WhiteElo "1866"]
[BlackElo "2003"]
[PlyCount "54"]
[EventDate "2014.01.12"]
[WhiteTeam "3Cs 2"]
[BlackTeam "Guildford 4"]

1. d4 Nf6 2. c4 e5 3. dxe5 Ng4 4. Bf4 Nc6 5. Nf3 Bb4+ 6. Nbd2 Qe7 7. e3 Ngxe5
8. Nxe5 Nxe5 9. Be2 O-O 10. O-O Ng6 11. Bg3 Bd6 12. Bxd6 Qxd6 13. Qc2 Qe7 14.
Rfd1 d6 15. b4 a5 16. a3 axb4 17. axb4 Be6 18. Qc3 Ne5 19. f3 f5 20. Rxa8 Rxa8
21. Ra1 Re8 22. Bd1 Qf6 23. Rc1 Ra8 24. c5 dxc5 25. bxc5 Ra2 26. Bb3 Bxb3 27.
Nxb3 Nxf3+ 0-1

[Event "4NCL Division 3s"]
[Site "Daventry Court ENG"]
[Date "2014.01.12"]
[Round "4.145"]
[White "Perrett, David C"]
[Black "Hopkins, Phil"]
[Result "0-1"]
[WhiteElo "1969"]
[BlackElo "2008"]
[PlyCount "86"]
[EventDate "2014.01.12"]
[WhiteTeam "The Full Ponty"]
[BlackTeam "Anglian Avengers 3"]

1. d4 Nf6 2. Bg5 d5 3. Bxf6 gxf6 4. e3 e5 5. c4 c6 6. Nc3 Be6 7. Nf3 e4 8. Nd2
f5 9. g3 Bg7 10. b4 O-O 11. cxd5 cxd5 12. Nb3 Nc6 13. a3 Rc8 14. Rc1 Kh8 15.
Na4 Qe7 16. Bb5 Nxb4 17. O-O Na2 18. Rxc8 Rxc8 19. Nbc5 b6 20. Nxe6 fxe6 21.
Qb3 Nc1 22. Qb2 Nd3 23. Qb3 Bf8 24. Ra1 Rc1+ 25. Rxc1 Nxc1 26. Qc2 Nd3 27. Qc8
Kg7 28. Nc3 Qxa3 29. Qxe6 Qxc3 30. Bxd3 exd3 31. Qe5+ Kf7 32. Qxf5+ Ke8 33.
Qe6+ Be7 34. Qg8+ Kd7 35. Qxd5+ Bd6 36. Qf5+ Kc7 37. Qxh7+ Kb8 38. Qg6 Qc1+ 39.
Kg2 Qc6+ 40. e4 d2 41. d5 Qc7 42. Qe8+ Kb7 43. Qa4 Qc1 0-1

[Event "4NCL Division 3s"]
[Site "Daventry Court ENG"]
[Date "2014.01.12"]
[Round "4.146"]
[White "Fogg, Martin"]
[Black "Davies, Peter L"]
[Result "0-1"]
[WhiteElo "1942"]
[BlackElo "1967"]
[PlyCount "30"]
[EventDate "2014.01.12"]
[WhiteTeam "Anglian Avengers 3"]
[BlackTeam "The Full Ponty"]

1. e4 e5 2. Nf3 Nc6 3. Bb5 a6 4. Ba4 Nf6 5. O-O Nxe4 6. d4 b5 7. Bb3 d5 8. dxe5
Be6 9. c3 Bc5 10. Bf4 g5 11. Nxg5 Nxg5 12. Bxg5 Qxg5 13. Bxd5 O-O-O 14. Bxe6+
fxe6 15. Qf3 Rd5 0-1

[Event "4NCL Division 3s"]
[Site "Daventry Court ENG"]
[Date "2014.01.12"]
[Round "4.148"]
[White "Peck, Silas"]
[Black "Thomas, Gary"]
[Result "0-1"]
[WhiteElo "1839"]
[BlackElo "1866"]
[PlyCount "74"]
[EventDate "2014.01.12"]
[WhiteTeam "Anglian Avengers 3"]
[BlackTeam "The Full Ponty"]

1. e4 d5 2. exd5 Nf6 3. d4 Nxd5 4. Nf3 g6 5. Be2 Bg7 6. O-O O-O 7. c4 Nb6 8.
Nc3 Nc6 9. Be3 Bg4 10. d5 Bxf3 11. Bxf3 Ne5 12. c5 Nbc4 13. Be2 Nxe3 14. fxe3
c6 15. e4 Qa5 16. Na4 Rfd8 17. Qb3 cxd5 18. exd5 Qd2 19. Nc3 Qe3+ 20. Kh1 Qxc5
21. Qxb7 Rab8 22. Qa6 Rxb2 23. Na4 Qa3 24. Nxb2 Qxb2 25. Rab1 Qd2 26. Rfd1 Qe3
27. Rb7 Rc8 28. Rxa7 Rc1 29. Ra8+ Bf8 30. Qa4 Nd3 31. h3 Nf2+ 32. Kh2 Nxd1 33.
Bxd1 Qe5+ 34. Kg1 Qe1+ 35. Kh2 Rxd1 36. Qf4 Qg1+ 37. Kg3 Rd3+ 0-1

[Event "4NCL Division 3s"]
[Site "Daventry Court ENG"]
[Date "2014.01.12"]
[Round "4.149"]
[White "Dixon, Chris"]
[Black "Woodcock, Keith D"]
[Result "0-1"]
[WhiteElo "1863"]
[BlackElo "1653"]
[PlyCount "40"]
[EventDate "2014.01.12"]
[WhiteTeam "The Full Ponty"]
[BlackTeam "Anglian Avengers 3"]

1. Nf3 c5 2. g3 Nc6 3. Bg2 d5 4. O-O Nf6 5. d3 e5 6. Bg5 h6 7. Bxf6 Qxf6 8. Nc3
Be6 9. Nd2 O-O-O 10. a3 h5 11. e4 d4 12. Nd5 Qh6 13. b4 f5 14. Nc4 h4 15. b5
hxg3 16. fxg3 Ne7 17. Nxe7+ Bxe7 18. Nxe5 Qxh2+ 19. Kf2 f4 20. g4 Bh4+ 0-1

[Event "4NCL Division 3s"]
[Site "Daventry Court ENG"]
[Date "2014.01.12"]
[Round "4.155"]
[White "Brown, Alan M"]
[Black "Briscoe, Chris"]
[Result "1/2-1/2"]
[WhiteElo "2090"]
[BlackElo "2215"]
[PlyCount "40"]
[EventDate "2014.01.12"]
[WhiteTeam "MK Phoenix 1"]
[BlackTeam "Surbiton"]

1. d4 Nf6 2. c4 e6 3. Nf3 b6 4. g3 Ba6 5. Qa4 c5 6. Bg2 Bb7 7. O-O cxd4 8. Nxd4
Bxg2 9. Kxg2 Qc8 10. Nc3 Bc5 11. Nf3 Qc6 12. Bg5 O-O 13. Rfd1 Rc8 14. Qxc6 dxc6
15. Bxf6 gxf6 16. Ne4 Be7 17. g4 Kf8 18. Rd3 Na6 19. Nd4 Nc5 20. Nxc5 Bxc5
1/2-1/2

[Event "4NCL Division 3s"]
[Site "Daventry Court ENG"]
[Date "2014.01.12"]
[Round "4.157"]
[White "Smith, Graham M"]
[Black "Henderson, Ian R"]
[Result "0-1"]
[WhiteElo "2045"]
[BlackElo "2058"]
[PlyCount "80"]
[EventDate "2014.01.12"]
[WhiteTeam "MK Phoenix 1"]
[BlackTeam "Surbiton"]

1. Nf3 Nf6 2. c4 c5 3. g3 Nc6 4. d4 cxd4 5. Nxd4 d6 6. Bg2 Bd7 7. O-O g6 8. Nc3
Bg7 9. e3 O-O 10. b3 a6 11. Bb2 Rc8 12. Qd2 Qa5 13. Rfd1 Rfe8 14. a3 Qh5 15. f3
Qh6 16. Qe2 Qh5 17. Rac1 Kf8 18. Qf2 Kg8 19. Nde2 Na5 20. Nf4 Qh6 21. Qc2 g5
22. Nfd5 Qg6 23. e4 Be6 24. Ne3 b5 25. cxb5 Bxb3 26. Qd3 Bxd1 27. Rxd1 axb5 28.
Nxb5 Nd7 29. Bh3 Nc5 30. Qe2 Rb8 31. Bf5 Qh5 32. Bg4 Qg6 33. Bf5 Qh6 34. Ng4
Qh5 35. Bxg7 Kxg7 36. Nc7 Red8 37. Qd2 Nc6 38. Qc3+ f6 39. e5 Nxe5 40. Nxe5
fxe5 0-1

[Event "4NCL Division 3s"]
[Site "Daventry Court ENG"]
[Date "2014.01.12"]
[Round "4.159"]
[White "Freeman, Richard CP"]
[Black "James, Angus S"]
[Result "1/2-1/2"]
[WhiteElo "2030"]
[BlackElo "1956"]
[PlyCount "30"]
[EventDate "2014.01.12"]
[WhiteTeam "MK Phoenix 1"]
[BlackTeam "Surbiton"]

1. d4 Nf6 2. Bg5 c6 3. Bxf6 gxf6 4. e3 Qb6 5. Qc1 f5 6. Ne2 d6 7. g3 Nd7 8. Bg2
Nf6 9. O-O h5 10. h4 Bh6 11. c4 Be6 12. b3 Ne4 13. Nbc3 d5 14. Qc2 Rg8 15. Nxe4
fxe4 1/2-1/2

[Event "4NCL Division 3s"]
[Site "Daventry Court ENG"]
[Date "2014.01.12"]
[Round "4.165"]
[White "Savage, Nicholas W"]
[Black "Hosken, Nigel K"]
[Result "1/2-1/2"]
[WhiteElo "1968"]
[BlackElo "2137"]
[PlyCount "97"]
[EventDate "2014.01.12"]
[WhiteTeam "Iceni 1"]
[BlackTeam "Gloucestershire Gambits"]

1. d4 Nf6 2. c4 c5 3. d5 b5 4. cxb5 a6 5. bxa6 g6 6. Nc3 Bxa6 7. Nf3 Bg7 8. e4
Bxf1 9. Kxf1 d6 10. g3 O-O 11. Kg2 Nbd7 12. a4 Qb6 13. Qc2 Rfb8 14. Nb5 Ne8 15.
Ra3 Nc7 16. Nxc7 Qxc7 17. b3 Rb7 18. Bd2 Ne5 19. Nxe5 Bxe5 20. Rb1 Rc8 21. b4
cxb4 22. Qxc7 Rcxc7 23. Rxb4 Rxb4 24. Bxb4 Kf8 25. Bd2 Bd4 26. Ra2 Ke8 27. Kf3
Kd7 28. Ke2 Kc8 29. f3 Kb7 30. Kd3 Bg1 31. h3 Ka6 32. Rc2 Bc5 33. Bb4 f6 34. f4
Kb6 35. Bc3 Rd7 36. Rb2+ Ka7 37. Rb3 Rd8 38. Bd4 Rc8 39. Bxc5+ Rxc5 40. Kd4 Rc1
41. Rc3 Rd1+ 42. Ke3 Kb7 43. Rb3+ Ka7 44. Rb4 h5 45. Ke2 Rg1 46. Kf2 Ra1 47. g4
Ra3 48. Kg2 h4 49. f5 1/2-1/2

[Event "4NCL Division 3s"]
[Site "Daventry Court ENG"]
[Date "2014.01.12"]
[Round "4.166"]
[White "Meade, Philip J"]
[Black "Downham, Alan F"]
[Result "1-0"]
[WhiteElo "1909"]
[BlackElo "2017"]
[PlyCount "39"]
[EventDate "2014.01.12"]
[WhiteTeam "Gloucestershire Gambits"]
[BlackTeam "Iceni 1"]

1. d4 d5 2. Nf3 Nf6 3. c4 e6 4. Nc3 c6 5. Bg5 dxc4 6. e4 b5 7. e5 h6 8. Bh4 g5
9. Nxg5 hxg5 10. Bxg5 Be7 11. exf6 Bxf6 12. Bxf6 Qxf6 13. g3 a6 14. Bg2 Ra7 15.
Ne4 Qe7 16. Qd2 Nd7 17. O-O Bb7 18. Qf4 Ba8 19. Nd6+ Kf8 20. Nc8 1-0

[Event "4NCL Division 3s"]
[Site "Daventry Court ENG"]
[Date "2014.01.12"]
[Round "4.167"]
[White "Donaghay, Richard H"]
[Black "Taylor, Geoffrey P"]
[Result "0-1"]
[WhiteElo "1974"]
[BlackElo "1895"]
[PlyCount "80"]
[EventDate "2014.01.12"]
[WhiteTeam "Iceni 1"]
[BlackTeam "Gloucestershire Gambits"]

1. e4 c5 2. Nc3 Nc6 3. g3 Nf6 4. Bg2 e6 5. f4 d5 6. e5 Ng8 7. d3 Nge7 8. Nf3 h5
9. Ne2 Nf5 10. c3 d4 11. c4 Be7 12. h3 Qa5+ 13. Kf2 Qb6 14. a3 a5 15. Qc2 a4
16. Bd2 Bd7 17. g4 Nh6 18. g5 Nf5 19. Ng3 Nxg3 20. Kxg3 Na5 21. Bxa5 Rxa5 22.
Nd2 Qc7 23. Ne4 Ra6 24. h4 Rb6 25. Qe2 Rb3 26. Rab1 Qb6 27. Qc2 Qc7 28. Bf3 Bc6
29. Qe2 g6 30. Qg2 Rxd3 31. Qe2 Re3 32. Qxe3 dxe3 33. Rhe1 O-O 34. Rxe3 Rd8 35.
Rg1 Rd7 36. Nf6+ Bxf6 37. exf6 Rd4 38. Bxh5 gxh5 39. Kh3 Kh8 40. Rgg3 Qc8 0-1

[Event "4NCL Division 3s"]
[Site "Daventry Court ENG"]
[Date "2014.01.12"]
[Round "4.187"]
[White "Blake, J Morgan"]
[Black "Flynn, David"]
[Result "1/2-1/2"]
[WhiteElo "1675"]
[BlackElo "1932"]
[PlyCount "68"]
[EventDate "2014.01.12"]
[WhiteTeam "Sussex Smart Survivors 2"]
[BlackTeam "e2e4.org.uk 4"]

1. e4 e5 2. Nf3 Nf6 3. Nxe5 d6 4. Nf3 Nxe4 5. Nc3 Nxc3 6. dxc3 Be7 7. Bd3 Nd7
8. O-O Nc5 9. Be2 O-O 10. Be3 d5 11. c4 dxc4 12. Bxc4 Qxd1 13. Raxd1 Bg4 14.
Be2 Rad8 15. h3 Bh5 16. Nd4 Bxe2 17. Nxe2 Ne6 18. Nd4 Nxd4 19. Bxd4 Bd6 20. c4
a6 21. g3 Rfe8 22. Bc3 f6 23. Kg2 Kf7 24. a3 g6 25. Rd5 c6 26. Rd3 Bc7 27. Rfd1
f5 28. Kf3 Rxd3+ 29. Rxd3 Rd8 30. Rxd8 Bxd8 31. g4 Bf6 32. gxf5 gxf5 33. Bxf6
Kxf6 34. Kf4 b5 1/2-1/2

[Event "4NCL Division 3s"]
[Site "Daventry Court ENG"]
[Date "2014.01.12"]
[Round "4.195"]
[White "Hughes, Roy"]
[Black "Ukken, Somton"]
[Result "1-0"]
[WhiteElo "2027"]
[BlackElo "1926"]
[PlyCount "101"]
[EventDate "2014.01.12"]
[WhiteTeam "Broadland"]
[BlackTeam "Midland Monarchs"]

1. d4 Nf6 2. Bf4 g6 3. e3 Bg7 4. Nf3 d6 5. Be2 O-O 6. O-O c5 7. c3 Qb6 8. Qb3
Be6 9. c4 Nbd7 10. Nc3 d5 11. Qxb6 axb6 12. Ng5 Ne4 13. Ngxe4 dxe4 14. d5 Bf5
15. g4 g5 16. Bxg5 f6 17. Bf4 Bg6 18. a3 Kf7 19. Rfd1 Rh8 20. Kg2 f5 21. Rac1
Rag8 22. gxf5 Bxf5 23. Bh5+ Kf8 24. Bg3 Nf6 25. Be2 Nd7 26. h3 h5 27. Kh2 Ne5
28. Rd2 Ke8 29. Na4 Rh6 30. Bf4 Rd6 31. Rg1 Kf8 32. Rxg7 Nf3+ 33. Bxf3 Rxg7 34.
Bxd6 exf3 35. Bg3 h4 36. Nxb6 hxg3+ 37. fxg3 Rg6 38. Na4 b6 39. g4 Bd7 40. Nc3
Kg7 41. Rf2 e6 42. e4 Rf6 43. Kg3 exd5 44. cxd5 b5 45. Rxf3 Rb6 46. e5 b4 47.
Ne4 bxa3 48. bxa3 c4 49. e6 Be8 50. Rc3 Bg6 51. Rxc4 1-0